Stewie Lines Quiz Stats

 Plays Quiz not verified by Sporcle

Challenge
Share
Tweet
Embed
Score 0/10 Timer 05:00
0 Plays Today
Situation Answer % Correct
What the...!?deuce
80.9%
I haven't seen one female baby since we got here, this place is a sausage-fest
48.5%
Damn you...!Vile woman
48.3%
What the hell do you...?think you are doing
40%
Meg, if you kill yourself now you'll probably get a full...page in the yearbook
32.4%
Good lord lois, either I was a C Section or you'rewonder woman
25.5%
Just my package, God delivered it, I signed for it...world keeps on spinning
13.5%
Go away you paperclip...no one likes you
12.5%
I'm just gonna go out in the hallway and...throw up about something else
11.5%
Which of the Latin countries are you from? The one with the civil war, the one with the cocaine, or the one with...the fancy hats
9.6%

You're not logged in!

Compare scores with friends on all Sporcle quizzes.
OR
Log In

You Might Also Like...

Show Comments

Extras

Top Quizzes Today


Score Distribution

Your Account Isn't Verified!

In order to create a playlist on Sporcle, you need to verify the email address you used during registration. Go to your Sporcle Settings to finish the process.

Report this User

Report this user for behavior that violates our Community Guidelines.

Details: